书目信息 |
| 题名: |
体育保健学
|
|
| 作者: | 姚鸿恩 主编 | |
| 分册: | ||
| 出版信息: | 北京 高等教育出版社 2002 |
|
| 页数: | 432页 | |
| 开本: | 20cm | |
| 丛书名: | ||
| 单 册: | ||
| 中图分类: | G804.3 | |
| 科图分类: | ||
| 主题词: | 体育理论 | |
| 电子资源: | ||
| ISBN: | 7-04-011047-4 | |
| 000 | 00588nam0 2200205 450 | |
| 001 | 0634835421 | |
| 005 | 20070626154641.03 | |
| 010 | @a7-04-011047-4@dCNY20.80 | |
| 100 | @a20060314d2002 km y0chiy0120 ea | |
| 101 | 0 | @achi |
| 102 | @aCN@b110000 | |
| 200 | 1 | @a体育保健学@Ati yu bao jian xue@f姚鸿恩主编@Fyao hong en zhu bian |
| 210 | @a北京@c高等教育出版社@d2002 | |
| 215 | @a432页@d20cm | |
| 300 | @a中学教师进修高等师范本科(专科起点)教材 | |
| 606 | 0 | @a体育理论 |
| 690 | @aG804.3@v4 | |
| 701 | 0 | @a姚鸿恩@Ayao hong en@4主编 |
| 801 | 0 | @aCN@bPFT@c20070626 |
| 905 | @a10447@dG804.3@e159 | |
| 体育保健学/姚鸿恩主编.-北京:高等教育出版社,2002 |
| 432页;20cm |
| 中学教师进修高等师范本科(专科起点)教材 |
| ISBN 7-04-011047-4:CNY20.80 |
| ● |
| 相关链接 |
|
|
|
|
正题名:体育保健学
索取号:G804.3/159
 
预约/预借
| 序号 | 登录号 | 条形码 | 馆藏地/架位号 | 状态 | 备注 |
| 1 | 0339559 | 203395593 | 第一样本阅览室/ [索取号:G804.3/159] | 在馆 | |
| 2 | 0339560 | 203395600 | 第四借阅区/ [索取号:G804.3/159] | 在馆 | |
| 3 | 0339561 | 203395619 | 第四借阅区/ [索取号:G804.3/159] | 在馆 | |
| 4 | 0339562 | 203395628 | 第四借阅区/ [索取号:G804.3/159] | 在馆 | |
| 5 | 0339563 | 203395637 | 第四借阅区/ [索取号:G804.3/159] | 在馆 | |
| 6 | 0684327 | 206843273 | 库房3/ [索取号:G804.3/159] | 在馆 | |
| 7 | 0684328 | 206843282 | 库房3/ [索取号:G804.3/159] | 在馆 | |
| 8 | 0684329 | 206843291 | 库房3/ [索取号:G804.3/159] | 在馆 | |
| 9 | 0684330 | 206843308 | 库房3/ [索取号:G804.3/159] | 在馆 | |
| 10 | 0684331 | 206843317 | 库房3/ [索取号:G804.3/159] | 在馆 | |
| 11 | 0684332 | 206843326 | 库房3/ [索取号:G804.3/159] | 在馆 | |
| 12 | 0684333 | 206843335 | 库房3/ [索取号:G804.3/159] | 在馆 | |
| 13 | 0684334 | 206843344 | 库房3/ [索取号:G804.3/159] | 在馆 | |
| 14 | 0684335 | 206843353 | 库房3/ [索取号:G804.3/159] | 在馆 | |
| 15 | 0684336 | 206843362 | 库房3/ [索取号:G804.3/159] | 在馆 | |
| 16 | 0684337 | 206843371 | 库房3/ [索取号:G804.3/159] | 在馆 | |
| 17 | 0684338 | 206843380 | 库房3/ [索取号:G804.3/159] | 在馆 | |
| 18 | 0684339 | 206843399 | 库房3/ [索取号:G804.3/159] | 在馆 | |
| 19 | 0684340 | 206843406 | 库房3/ [索取号:G804.3/159] | 在馆 | |
| 20 | 0684341 | 206843415 | 库房3/ [索取号:G804.3/159] | 在馆 | |
| 21 | 0684342 | 206843424 | 库房3/ [索取号:G804.3/159] | 在馆 | |
| 22 | 0684343 | 206843433 | 库房3/ [索取号:G804.3/159] | 在馆 | |
| 23 | 0684344 | 206843442 | 库房3/ [索取号:G804.3/159] | 在馆 | |
| 24 | 0684345 | 206843451 | 库房3/ [索取号:G804.3/159] | 在馆 | |
| 25 | 0684346 | 206843460 | 库房3/ [索取号:G804.3/159] | 在馆 | |
| 26 | 0684347 | 206843479 | 库房3/ [索取号:G804.3/159] | 在馆 |